MCU Actors with Oscars - Statistics

General Stats
  • This quiz has been taken 138 times
  • The average score is 14 of 30
Answer Stats
First Appearance Oscar Category Actor % Correct
Iron Man Supporting Actor Robert Downey Jr.
98%
Iron Man Actress Gwyneth Paltrow
82%
Thor Actress Natalie Portman
80%
Thor Actor Anthony Hopkins
70%
Captain Marvel Actress Brie Larson
67%
Iron Man Actor Jeff Bridges
62%
Ant-Man Actor Michael Douglas
60%
Eternals Supporting Actress Angelina Jolie
58%
Thor: Ragnarok Actress Cate Blanchett
58%
Doctor Strange Supporting Actress Tilda Swinton
55%
Black Panther Supporting Actress Lupita Nyong'o
51%
Captain America: Civil War Supporting Actress Marisa Tomei
51%
The Incredible Hulk Actor William Hurt
49%
Iron Man 3 Actor Ben Kingsley
44%
Thor: Love and Thunder Supporting Actor Christian Bale
44%
Captain America: The First Avenger Supporting Actor Tommy Lee Jones
42%
Captain America: the Winter Soldier Director Robert Redford
40%
Spider-Man: No Way Home Actor Jamie Foxx
36%
Black Panther Supporting Actor Daniel Kaluuya
35%
Black Panther Actor Forest Whitaker
35%
Black Widow Supporting Actress Rachel Weisz
35%
Iron Man 2 Supporting Actor Sam Rockwell
35%
Thor: Love and Thunder Actor Russell Crowe
33%
Secret Invasion Actress Olivia Colman
29%
Spider-Man: Far From Home Supporting Actor J.K. Simmons
22%
Thor: The Dark World Supporting Actor Benicio Del Toro
20%
Thor: Ragnarok Original Screenplay Matt Damon
19%
Guardians of the Galaxy Vol. 2 Actress Michelle Yeoh
17%
Spider-Man: Homecoming Supporting Actress Jennifer Connelly
16%
Moon Knight Actor F. Murray Abraham
13%
No matching quizzes found
Score Distribution
Percent of People with Each Score
Percentile by Number Answered
Your Score History
You have not taken this quiz